Music Quiz

Random Music or Kpop Quiz

Whose is this song '2015 Kpop' clickable Quiz Stats

Quiz not verified by Sporcle

Challenge
Share
Tweet
IF YOU HAVE ANY IDEAS FOR ANOTHER QUIZ LEAVE ME A COMMENT AND I WILL MAKE ITšŸ‘‡šŸ»ā¤ļø
Score 0/64 Timer 10:00
0 Plays Today
% Correct
Exo
96%
Exo
94.4%
BTS
94.4%
BTS
93.7%
Amber (f(x))
92.6%
Got7
92.4%
Big bang
92.2%
Shinee
92.2%
Shinee
91.9%
Big bang
91.2%
SNSD
91.1%
SNSD
90.4%
Red velvet
90.2%
Big bang
90.2%
Seventeen
89.8%
Sistar
89.4%
4minute
89.1%
Seventeen
88.4%
SNSD
88%
Big bang
87.8%
iKON
87.5%
Big bang
87%
Infinite
86.6%
2PM
86.5%
Big bang
86.4%
AOA
86%
EXID
85.3%
Red velvet
85.3%
HyunA
84.9%
Red velvet
83.7%
SNSD
81.8%
Big bang (GD&T.O.P)
81.7%
% Correct
JYP
81.5%
Super junior
81.5%
iKON
80.2%
Super junior
77.9%
Vixx LR
76.7%
Mamamoo
76.3%
Vixx
74.9%
Miss A
74.8%
Apink
73.7%
UNIQ
72%
Boyfriend
70.9%
Girls day
70.6%
Minah (girls day)
70.4%
Kara
70.4%
Beast
69.2%
B1A4
68.4%
Girls day
66.1%
Super Junior-D&E
62%
Sunggyu (infinite)
61.7%
Beast
60.7%
Zion.T
59.1%
Shinhwa
58.8%
BoA
58.7%
Teen top
58.4%
BtoB
56.7%
Sonamoo
56.5%
Infinite H
53.5%
MBLAQ
53.1%
Niel (teen top)
49.2%
Yonghwa (cnblue)
40.7%
Lee seung gi
32.9%
Junho (2pm)
28.2%

You're not logged in!

Compare scores with friends on all Sporcle quizzes.
Sign Up with Email
OR
Log In

You Might Also Like...

Show Comments

Extras

Top Quizzes Today


Score Distribution

Your Account Isn't Verified!

In order to create a playlist on Sporcle, you need to verify the email address you used during registration. Go to your Sporcle Settings to finish the process.

Report this User

Report this user for behavior that violates our Community Guidelines.

Details: